000
00378nam a22001457a 4500
008
230228b |||||||| |||| 00| 0 eng d
020
_a
978-81-8495-653-5
082
_a
294.53
100
_a
J.P. Vaswani
245
_a
Mantras for Peace of Mind
260
_b
Jaico Publishing House,
_c
2015
300
_a
175 p.
_c
19.5 cm
942
_2
ddc
999
_c
9375
_d
9376